Vài nét về vận chuyển hàng hóa quá cảnh giữa Hồng Kông và Vân Nam qua đường sông Hồng từ 1889 đến 1899: Qua báo cáo của sở thuế quan và độc quyền Đông Dương /
Saved in:
| Main Author: | |
|---|---|
| Format: | Article |
| Language: | Vietnamese |
| Subjects: | |
| Tags: |
Add Tag
No Tags, Be the first to tag this record!
|
| Institutions: | Thư viện Trường Đại học Đà Lạt |
|---|
| LEADER | 00914nam a2200265 4500 | ||
|---|---|---|---|
| 001 | DLU090081983 | ||
| 005 | ##20090914 | ||
| 040 | # | # | |a DLU |b vie |
| 041 | # | # | |a vie |
| 044 | # | # | |a vn |
| 100 | # | # | |a Lê Trung Dũng, |c TS. |
| 245 | # | # | |a Vài nét về vận chuyển hàng hóa quá cảnh giữa Hồng Kông và Vân Nam qua đường sông Hồng từ 1889 đến 1899: |b Qua báo cáo của sở thuế quan và độc quyền Đông Dương / |c Lê Trung Dũng. |
| 653 | # | # | |a Thuế buôn chuyến |
| 653 | # | # | |a Thuế quan |
| 653 | # | # | |a Thuến hải quan |
| 773 | # | # | |t Nghiên cứu lịch sử |g Số 7(399),2009, tr. 46-53 |
| 920 | # | # | |a Phòng Tạp chí -- Trung tâm Thông tin - Thư viện Trường Đại học Đà Lạt |
| 994 | # | # | |a DLU |
| 900 | # | # | |a True |
| 911 | # | # | |a Nguyễn Thị Linh Chi |
| 925 | # | # | |a G |
| 926 | # | # | |a A |
| 927 | # | # | |a BB |
| 980 | # | # | |a Thư viện Trường Đại học Đà Lạt |